000 00393nam a2200169Ia 4500
005 20250423095644.0
008 250422s9999 xx 000 0 und d
020 _a0- 674- 41226- 5
050 _aHC 106.5 .F8/
100 _aVictor R. Fuchs
245 0 _aHow we live
260 _bHarvard University Press
260 _c1983
300 _a293 p
650 _aSocial choice
942 _cBK
999 _c30931
_d30931